00335nam a2200121Ia 4500008004000000082001800040100001800058245004400076260005300120300001700173440000600190650001700196210210b1982 xxu||||| |||| 00| 0 eng d a598.2954 JERB aJERDON (T C). aBirds of india: natural history. Vol.3. aDehra DunbBishen Singh Mahendra Pal Singhc1982 aiv,876,xxxii a3 aIndian Birds